| 000 | 00511nam a2200193Ia 4500 | ||
|---|---|---|---|
| 005 | 20240823024908.0 | ||
| 008 | 240823s9999||||xx |||||||||||||| ||und|| | ||
| 020 | _a81-314-0063-8 | ||
| 041 | _aENGLISH | ||
| 082 | _A332.6 P6 | ||
| 100 | _aThe ICFAI University Press | ||
| 245 | 0 | _aCases on Sustaining Competitiveness Country Experiences | |
| 250 | _a1st | ||
| 260 |
_c2006 _bICFA I Unive _aHyderabad |
||
| 500 | _aYES | ||
| 650 |
_aSustaining Competitiveness _bGeneral |
||
| 942 | _cBK | ||
| 999 |
_c185002 _d185002 |
||